ბათუმის შოთა რუსთაველის სახელმწიფო უნივერსიტეტის ბიბლიოთეკა

ნარკვევები ფიზიკურ ვარჯიშთა ფიზიოლოგიიდან / (ბიბ.ჩანაწერი № 62449)

000 -ლიდერი
ფიქსირებული სიგრძის საკონტროლო ველი 01185nam a22002177a 4500
003 - საკონტროლო ნომრის იდენტიფიკატორი
საკონტროლო ველი Ge_BSU
005 - ბოლო ოპერაციის თარიღი და დრო
საკონტროლო ველი 20241105164231.0
008 - ფიქსირებული სიგრძის მონაცემთა ელემენტები - ზოგადი ინფორმაცია
ფიქსირებული სიგრძის საკონტროლო ველი 241105s1955 ge ||||| |||| 00| 0 geo d
041 ## - ენის კოდი
Language code of text/sound track or separate title geo
080 ## - უნივერსალური ათობითი კლასიფიკაციის ინდექსი
Universal Decimal Classification number 612.766.1 კ-83
100 ## - მთავარი ჩანაწერი - პიროვნების სახელი
Personal name კრესტოვნიკოვი, ა.ნ.,
9 (RLIN) 23628
Relator term ავტ.
245 ## - ცნობა სათაურის შესახებ
Title ნარკვევები ფიზიკურ ვარჯიშთა ფიზიოლოგიიდან /
Statement of responsibility, etc ა.ნ. კრესტოვნიკოვი, მთარგმნ: ბ. ანთელიძე, ე. გუგუნავა, რედ. ს. ნარიკაშვილი
264 ## - წარმოების, გამოცემის, დისტრიბუციის და სხვა ცნობები
გამოცემის, წარმოების, დისტრიბუციის... ადგილი თბილისი :
გამოცემის, წარმოების, დისტრიბუციის... სახელწოდება სახელგამი,
გამოცემის, წარმოების, დისტრიბუციის... თარიღი 1955.
300 ## - ფიზიკური აღწერა
Extent 516 გვ. :
Other physical details ნახაზ. ;
Dimensions 22 სმ.
653 ## - INDEX TERM--UNCONTROLLED
Uncontrolled term ფიზიკური ვარჯიშის ფიზიოლოგია.
653 ## - INDEX TERM--UNCONTROLLED
Uncontrolled term მედიცინა
700 ## - ADDED ENTRY--PERSONAL NAME
Personal name ანთელიძე, ბ
Relator term მთარგმნელი
9 (RLIN) 23629
700 ## - ADDED ENTRY--PERSONAL NAME
Personal name გუგუნავა, ე
Relator term მთარგმნელი
9 (RLIN) 23630
700 ## - ADDED ENTRY--PERSONAL NAME
Personal name ნარიკაშვილი, ს
Relator term რედაქტორი
9 (RLIN) 23631
942 ## - ADDED ENTRY ELEMENTS (KOHA)
Source of classification or shelving scheme
Koha item type წიგნი
ეგზემპლარები
ჩამოწერის სტატუსი დაკარგული ეგზემპლარის სტატუსი კლასიფიკაციის წყარო ან თაროზე გაწყობის სქემა დაზიანების სტატუსი არ გაიცემა მუდმივი მდებარეობა (დაცვის ადგილი) ამჟამინდელი ადგილსამყოფელი თაროზე განთავსების ადგილი შეძენის თარიღი ღირებულება, შესყიდვის ნორმალური ფასი სრული შენახვის შიფრი შტრიხკოდი ბოლო ოპერაციის თარიღი ეგზემპლარის მიმდევრობითი ნომერი (კეტერი?) ფასის ძალაში შესვლის თარიღი ეგზემპლარის სახეობა საჯარო შენიშვნა
          ბათუმის შოთა რუსთაველის სახელმწიფო უნივერსიტეტის მთავარი ბიბლიოთეკა ბათუმის შოთა რუსთაველის სახელმწიფო უნივერსიტეტის მთავარი ბიბლიოთეკა წიგნსაცავი 2024-11-05 3.00 612.766.1 კ-83 69592 2024-11-05 69592 2024-11-05 წიგნი 3ლ.66თ.
          ბათუმის შოთა რუსთაველის სახელმწიფო უნივერსიტეტის მთავარი ბიბლიოთეკა ბათუმის შოთა რუსთაველის სახელმწიფო უნივერსიტეტის მთავარი ბიბლიოთეკა წიგნსაცავი 2025-02-17 3.00 612.766.1 კ-83 70668 2025-02-17 70668 2025-02-17 წიგნი 3ლ.66თ.